History of Poland

שמור ב:
מידע ביבליוגרפי
פורמט: ספר
שפה:Undetermined
יצא לאור: Warszawa PWN Polish scientific publisher 1968
נושאים:
תגים: הוספת תג
אין תגיות, היה/י הראשונ/ה לתייג את הרשומה!
Thư viện lưu trữ: Trung tâm Học liệu Trường Đại học Cần Thơ
LEADER 00482nam a2200181Ia 4500
001 CTU_83895
008 210402s9999 xx 000 0 und d
082 |a 943.8 
082 |b H673 
245 0 |a History of Poland 
245 0 |c Aleksander Gieysztor...[et al.] 
260 |a Warszawa 
260 |b PWN Polish scientific publisher 
260 |c 1968 
650 |a Poland 
650 |x History 
904 |i Nguyên, Qhieu 
980 |a Trung tâm Học liệu Trường Đại học Cần Thơ